000 00874cam a2200265 a 4500
001 14484342
003 OSt
005 20150805120759.0
008 060807s2007 nyu b 001 0 eng
010 _a 2006048647
020 _a9780393704686
020 _a0393704688
040 _aSEKU
050 0 0 _aRJ 506 .H9
_bY6 2007
100 1 _aYoung, Joel L.
245 1 0 _aADHD grown up :
_ba guide to adolescent and adult ADHD
_cJoel L. Young.
260 _aNew York :
_bW. W. Norton,
_cc2007.
300 _axix, 322 p. ;
_c25 cm.
500 _a"A Norton Professional Book."
504 _aIncludes bibliographical references (p. 303-311) and index.
650 0 _aAttention-deficit disorder in adolescence.
650 0 _aAttention-deficit disorder in adults.
856 4 1 _3Table of contents only
_uhttp://www.loc.gov/catdir/toc/fy0710/2006048647.html
942 _2lcc
_cGEN
999 _c8403
_d8403